[Event "11th EUR-ch"]
[Site "Rijeka CRO"]
[Date "2010.03.08"]
[Round "3"]
[White "Sahitaj, Naim"]
[Black "Popilski, Gil"]
[Result "1-0"]
[WhiteElo "1562"]
[BlackElo "2441"]
[EventDate "2010.03.06"]
[PlyCount "133"]

1.e4 c5 2.Nf3 e6 3.d4 cxd4 4.Nxd4 a6 5.g3 d5 6.e5 Nc6 7.Nxc6 bxc6 8.Bg2 
Qc7 9.O-O Qxe5 10.Re1 Qc7 11.c4 Nf6 12.Nc3 Be7 13.Qe2 Bb7 14.Bf4 Qd8 15.g4
O-O 16.g5 Ne8 17.h4 Bd6 18.Be3 Nc7 19.c5 Be7 20.Bd4 f6 21.f4 e5 22.fxe5 
fxg5 23.e6 Rf4 24.Bf2 Qf8 25.b4 Qf6 26.Qd2 Rf8 27.Be3 Nxe6 28.hxg5 Qxg5 
29.Ne2 Re4 30.Bxg5 Bxg5 31.Qd3 Be3+ 32.Kh2 Rh4+ 33.Bh3 Rf3 34.Kg2 Rfxh3 
35.Rh1 Rxh1 36.Rxh1 Re4 37.a3 Bc8 38.Kf1 Ng5 39.Ng3 Rf4+ 40.Ke2 d4 41.Kd1 
Bg4+ 42.Kc2 Rf3 43.Qxa6 Rxg3 44.Qa8+ Kf7 45.Qb7+ Kg6 46.Qxc6+ Be6 47.Rd1 
Rf3 48.b5 Rf6 49.Qe8+ Bf7 50.Qe7 Rf2+ 51.Kd3 h6 52.c6 Rb2 53.c7 Rb3+ 54.
Kc2 Rc3+ 55.Kb2 Kh7 56.b6 Bd5 57.Qf8 Be6 58.Qb4 Ne4 59.b7 Nf2 60.Qa4 Nxd1+
61.Qxd1 Rxc7 62.b8=Q Rf7 63.Qe5 Rf2+ 64.Ka1 Bf7 65.a4 Bg6 66.a5 Bc2 67.
Qxc2+ 1-0

[Event "11th EUR-ch"]
[Site "Rijeka CRO"]
[Date "2010.03.09"]
[Round "4"]
[White "Nepomnyaschy, Yan"]
[Black "Maiorov, Nikita"]
[Result "1/2-1/2"]
[WhiteElo "2656"]
[BlackElo "2510"]
[EventDate "2010.03.06"]
[PlyCount "235"]

1.e4 e5 2.Nf3 Nc6 3.Bb5 a6 4.Ba4 Nf6 5.d3 d6 6.c3 g6 7.Nbd2 Bg7 8.O-O O-O 
9.Re1 b5 10.Bc2 h6 11.d4 Bb7 12.Nf1 Nd7 13.Ne3 Kh7 14.Qd2 Nf6 15.b3 b4 16.
Bb2 bxc3 17.Bxc3 exd4 18.Nxd4 Nxd4 19.Bxd4 Re8 20.f3 Rc8 21.Rad1 Nd7 22.
Bxg7 Kxg7 23.b4 Nf6 24.Bb3 Qe7 25.Ba4 Red8 26.Qc3 c5 27.b5 axb5 28.Bxb5 
Bc6 29.a4 Bxb5 30.axb5 Rb8 31.b6 Kh7 32.Nc4 Rd7 33.Rd3 Qe6 34.Red1 d5 35.
Qe5 Rxb6 36.Nxb6 Qxe5 37.Nxd7 Nxd7 38.Rxd5 Qf6 39.Rxd7 c4 40.Kh1 Kg7 41.
Rc7 Qc3 42.h3 h5 43.e5 Qxe5 44.Rxc4 Qe2 45.Rdc1 Qe3 46.h4 Qe7 47.R1c2 Qe1+
48.Kh2 Qe5+ 49.g3 Qe1 50.Kg2 Qd1 51.Rf2 Qd5 52.Re4 Qd3 53.Re5 Qd6 54.f4 f6
55.Re3 Qd5+ 56.Kh2 Kh6 57.Rfe2 Qc6 58.Rd3 Qb7 59.Red2 Qe4 60.Kg1 Qe1+ 61.
Kg2 Qe4+ 62.Kf2 Qh1 63.Rd1 Qh2+ 64.Kf3 Qc2 65.Rd6 Kg7 66.Rd8 Qc6+ 67.Kf2 
Qc2+ 68.R1d2 Qc5+ 69.Ke2 Qb5+ 70.R2d3 Qc4 71.Kd2 Qa2+ 72.Kc3 Qa5+ 73.Kc4 
Qc7+ 74.Kb3 Qb6+ 75.Kc2 Qc5+ 76.Rc3 Qf2+ 77.Rd2 Qa7 78.Rd6 Qa2+ 79.Kd3 Qa7
80.Rdc6 Qd7+ 81.Ke4 Qf5+ 82.Kd4 Kh6 83.Rd6 Qa5 84.Rcc6 Qd2+ 85.Kc4 Qc2+ 
86.Kb5 Qb3+ 87.Ka6 Qxg3 88.Rxf6 Kg7 89.Kb7 Qd3 90.Rfd6 Qe4 91.Kc8 Qf5+ 92.
Rd7+ Kf8 93.Kc7 Ke8 94.Rd4 Ke7 95.Ra4 Qd7+ 96.Kb6 Qd8+ 97.Kb7 Qd5 98.Kc7 
Qd8+ 99.Kb7 Qd5 100.Ra7 Kd8 101.Ra8+ Kd7 102.Rc8 Qb5+ 103.Rb6 Qd5+ 104.Kb8
Qd4 105.Rc7+ Kd8 106.Rc8+ Kd7 107.Rb7+ Ke6 108.Rc6+ Kf5 109.Rf7+ Ke4 110.
Rff6 Qd8+ 111.Kb7 Qd7+ 112.Kb6 Qd8+ 113.Kb5 Qd5+ 114.Kb4 Qd2+ 115.Kb5 Qd5+
116.Ka6 Qd3+ 117.Kb6 Qd8+ 118.Kb5 1/2-1/2

[Event "11th EUR-ch"]
[Site "Rijeka CRO"]
[Date "2010.03.09"]
[Round "4"]
[White "Berczes, David"]
[Black "Landa, Konstantin"]
[Result "1/2-1/2"]
[WhiteElo "2510"]
[BlackElo "2635"]
[EventDate "2010.03.06"]
[PlyCount "155"]

1.d4 Nf6 2.c4 e6 3.Nf3 d5 4.g3 dxc4 5.Bg2 Nc6 6.Qa4 Bb4+ 7.Bd2 Nd5 8.Bxb4 
Nxb4 9.O-O Rb8 10.Na3 O-O 11.Qb5 b6 12.Qxc4 Ba6 13.Nb5 Qd5 14.Qxd5 Nxd5 
15.a4 Na5 16.Ne5 Rbd8 17.Nxa7 Nb4 18.Rac1 Rxd4 19.Nb5 Rd2 20.Rxc7 Bxb5 21.
axb5 Nd5 22.Bxd5 Rxd5 23.Nd7 Rd8 24.Rfc1 h5 25.Nxb6 Rxb5 26.Rc8 Rxc8 27.
Rxc8+ Kh7 28.Nd7 Rxb2 29.Rc5 Nb7 30.Rxh5+ Kg6 31.Re5 Rd2 32.Nb6 Nd6 33.Kf1
Kf6 34.Re3 Rc2 35.Rd3 Nc4 36.Nxc4 Rxc4 37.Rd7 g5 38.h3 Rc2 39.e3 Kg6 40.
Kg2 Rb2 41.Rd8 Kg7 42.Rd4 Kg6 43.Rg4 Kf5 44.Kf3 Rc2 45.Ra4 Kg6 46.h4 gxh4 
47.gxh4 Rc1 48.Rg4+ Kf6 49.Rf4+ Kg7 50.Rg4+ Kf6 51.Rg3 Rc4 52.e4 Ke5 53.
Rg4 f5 54.exf5 Rc3+ 55.Kg2 Kxf5 56.f3 e5 57.Rg5+ Kf4 58.Rg4+ Kf5 59.Rg8 
Rc2+ 60.Kg3 Rc1 61.Kg2 Rc2+ 62.Kh3 Rc1 63.Kh2 Rc2+ 64.Kg3 Rc1 65.Rg5+ Kf6 
66.Kh2 Rc2+ 67.Rg2 Rc3 68.Rg8 Rc2+ 69.Kh3 Rc1 70.Rg2 Kf5 71.Rg4 Rc3 72.Kg2
Rc2+ 73.Kg3 Rc1 74.h5 Rc7 75.Kh4 Rc1 76.Kg3 Rc7 77.Rg8 Rc1 78.Rg4 1/2-1/2

[Event "11th EUR-ch"]
[Site "Rijeka CRO"]
[Date "2010.03.09"]
[Round "4"]
[White "Hera, Imre jr"]
[Black "Sahitaj, Naim"]
[Result "1-0"]
[WhiteElo "2574"]
[BlackElo "1562"]
[EventDate "2010.03.06"]
[PlyCount "69"]

1.d4 d5 2.c4 e6 3.Nf3 Nf6 4.g3 g6 5.Bg2 Bg7 6.O-O O-O 7.Nc3 c6 8.Qc2 Nbd7 
9.b3 Re8 10.Bb2 b6 11.e4 dxe4 12.Nxe4 Nxe4 13.Qxe4 Bb7 14.Rad1 Qc7 15.Qh4 
c5 16.Ba1 cxd4 17.Bxd4 e5 18.Be3 f6 19.Rd2 Rad8 20.Rfd1 Nf8 21.c5 b5 22.
Rxd8 Rxd8 23.Rxd8 Qxd8 24.Nd2 Bc8 25.Qe4 Ne6 26.Qa8 a6 27.Ne4 Nc7 28.Qb8 
Ne8 29.Nd6 Nxd6 30.cxd6 Qf8 31.Bd5+ Kh8 32.Bc6 Be6 33.Qxf8+ Bxf8 34.d7 Be7
35.Bb6 1-0

[Event "11th EUR-ch"]
[Site "Rijeka CRO"]
[Date "2010.03.09"]
[Round "4"]
[White "Bohnisch, Manfred"]
[Black "Guidi, Maurizio"]
[Result "1-0"]
[WhiteElo "2316"]
[BlackElo "2050"]
[EventDate "2010.03.06"]
[PlyCount "53"]

1.d4 g6 2.e4 Bg7 3.Nc3 d6 4.Be3 a6 5.a4 Nd7 6.Bc4 e6 7.Qd2 h6 8.O-O-O Ne7 
9.f3 b5 10.axb5 axb5 11.Bxb5 c6 12.Ba4 Qa5 13.Nge2 Qb4 14.Bb3 d5 15.Nb1 
Qb8 16.Bf4 Qa7 17.Nec3 Ba6 18.Rhe1 Kf8 19.Bd6 Nb6 20.exd5 cxd5 21.Bxd5 Rd8
22.Bc5 Qc7 23.Bxe6 fxe6 24.Rxe6 Nc8 25.Rxa6 h5 26.Rxg6 Qxc5 27.Rxg7 1-0

[Event "11th EUR-ch"]
[Site "Rijeka CRO"]
[Date "2010.03.10"]
[Round "5"]
[White "Jobava, Baadur"]
[Black "Efimenko, Zahar"]
[Result "1/2-1/2"]
[WhiteElo "2695"]
[BlackElo "2640"]
[EventDate "2010.03.06"]
[PlyCount "41"]

1.d4 Nf6 2.c4 e6 3.Nf3 d5 4.Nc3 Bb4 5.cxd5 exd5 6.Qa4+ Nc6 7.Bg5 h6 8.Bxf6
Qxf6 9.e3 O-O 10.Be2 Be6 11.O-O a6 12.Rfc1 Bd6 13.Qd1 Ne7 14.a3 c5 15.dxc5
Bxc5 16.Na4 Ba7 17.b4 d4 18.Nxd4 Rad8 19.Qf1 Bxd4 20.exd4 Nf5 21.Nc5 
1/2-1/2

[Event "11th EUR-ch"]
[Site "Rijeka CRO"]
[Date "2010.03.10"]
[Round "5"]
[White "Sokolov, Ivan"]
[Black "Vallejo Pons, Francisco"]
[Result "1/2-1/2"]
[WhiteElo "2638"]
[BlackElo "2708"]
[EventDate "2010.03.06"]
[PlyCount "99"]

1.d4 d5 2.c4 c6 3.Nf3 Nf6 4.Nc3 dxc4 5.a4 Bf5 6.Nh4 e6 7.Nxf5 exf5 8.e3 
Bb4 9.Bxc4 O-O 10.O-O Nbd7 11.Qc2 g6 12.f3 Rc8 13.Kh1 Nb6 14.Ba2 c5 15.
dxc5 Rxc5 16.e4 Bxc3 17.bxc3 Qc7 18.exf5 Rxf5 19.Be3 Nfd5 20.Bd4 Nb4 21.
Qf2 Nxa2 22.Rxa2 Nd5 23.Re2 Nf4 24.Re4 Ne6 25.Bxa7 Qxc3 26.Bb6 Rc8 27.Rfe1
Rd5 28.h4 Rc4 29.Qg3 Rxe4 30.Rxe4 Qc6 31.a5 Qd6 32.Qxd6 Rxd6 33.g4 Kg7 34.
Kg2 Rd2+ 35.Kg3 h6 36.Rb4 g5 37.hxg5 hxg5 38.Rb5 Kg6 39.Be3 Ra2 40.Rd5 Rc2
41.Rd7 Ra2 42.Bd2 f6 43.Rd5 Kf7 44.Be3 Kg6 45.Rb5 Re2 46.Rb3 Ra2 47.Rb6 
Nf4 48.Bxf4 gxf4+ 49.Kxf4 Rxa5 50.Rxb7 1/2-1/2

[Event "11th EUR-ch"]
[Site "Rijeka CRO"]
[Date "2010.03.10"]
[Round "5"]
[White "Inarkiev, Ernesto"]
[Black "Szabo, Gergely-Andras-Gyula"]
[Result "1/2-1/2"]
[WhiteElo "2667"]
[BlackElo "2525"]
[EventDate "2010.03.06"]
[PlyCount "101"]

1.d4 d5 2.c4 dxc4 3.Nf3 Nf6 4.e3 e6 5.Bxc4 a6 6.O-O c5 7.Bb3 Nc6 8.Qe2 
cxd4 9.Rd1 Be7 10.Nc3 e5 11.exd4 exd4 12.Nxd4 Nxd4 13.Qe5 Qd6 14.Qxd4 Qxd4
15.Rxd4 Be6 16.Bxe6 fxe6 17.Rc4 b5 18.Rc7 Kf7 19.Bf4 Rhd8 20.Rc1 Rd3 21.
Kf1 Rad8 22.Ra7 R3d4 23.g3 Rc8 24.Rxa6 b4 25.Ne2 Rxc1+ 26.Nxc1 Nd5 27.Nb3 
Rd1+ 28.Ke2 Rh1 29.Be5 Rxh2 30.Nd4 Rh5 31.f4 Rh2+ 32.Kf3 Rxb2 33.Nxe6 Nc3 
34.Nxg7 Rxa2 35.Rb6 Ra3 36.Rb7 Na4+ 37.Kg4 Nc5 38.Rxb4 Ne6 39.Rb7 Nxg7 40.
Bxg7 h5+ 41.Kf5 Kxg7 42.Rxe7+ Kg8 43.g4 hxg4 44.Kxg4 Kf8 45.Rh7 Ra5 46.f5 
Ra6 47.Kg5 Rb6 48.Ra7 Rc6 49.f6 Rc1 50.Kg6 Rg1+ 51.Kf5 1/2-1/2

[Event "11th EUR-ch"]
[Site "Rijeka CRO"]
[Date "2010.03.10"]
[Round "5"]
[White "Nisipeanu, Liviu-Dieter"]
[Black "Pelletier, Yannick"]
[Result "1-0"]
[WhiteElo "2661"]
[BlackElo "2611"]
[EventDate "2010.03.06"]
[PlyCount "53"]

1.d4 Nf6 2.c4 e6 3.Nf3 b6 4.g3 Ba6 5.Qc2 Bb7 6.Bg2 c5 7.d5 exd5 8.cxd5 
Nxd5 9.O-O Be7 10.Rd1 Nc6 11.Qf5 Nf6 12.e4 d6 13.e5 Qd7 14.Qc2 Nb4 15.Qe2 
Ba6 16.Qe1 Nc2 17.Qd2 Nxa1 18.exf6 Bxf6 19.Re1+ Be7 20.Nc3 O-O 21.Ne5 Qc8 
22.Nc6 Bd8 23.Nd5 Qg4 24.b3 Bb7 25.h3 Qh5 26.Nce7+ Kh8 27.Nf4 1-0

[Event "11th EUR-ch"]
[Site "Rijeka CRO"]
[Date "2010.03.10"]
[Round "5"]
[White "Timofeev, Artiom"]
[Black "Skoberne, Jure"]
[Result "1-0"]
[WhiteElo "2655"]
[BlackElo "2509"]
[EventDate "2010.03.06"]
[PlyCount "83"]

1.e4 d6 2.d4 g6 3.Nc3 Bg7 4.Be3 a6 5.f4 b5 6.Nf3 Bb7 7.Bd3 b4 8.Na4 Nf6 9.
Nd2 O-O 10.c4 Nbd7 11.O-O c5 12.dxc5 Nxc5 13.Nxc5 dxc5 14.Bc2 Qc8 15.h3 
Qe6 16.e5 Nd7 17.Qg4 f5 18.Qg3 a5 19.Ba4 Bc6 20.Bxc6 Qxc6 21.Qf3 Rfc8 22.
Rfd1 Qxf3 23.Nxf3 Nf8 24.a4 Ne6 25.Rd5 Rd8 26.Kf2 Rxd5 27.cxd5 Nc7 28.Rc1 
Nxd5 29.Rxc5 e6 30.Ng5 Bf8 31.Rc6 b3 32.Nxe6 Ba3 33.Bd4 Nb4 34.Rb6 Bxb2 
35.Bxb2 Nd3+ 36.Ke3 Nxb2 37.Rxb3 Nxa4 38.Kd4 Re8 39.Nc7 Rc8 40.Rb7 Nb6 41.
e6 Kf8 42.e7+ 1-0

[Event "11th EUR-ch"]
[Site "Rijeka CRO"]
[Date "2010.03.10"]
[Round "5"]
[White "Maiorov, Nikita"]
[Black "Mamedov, Rauf"]
[Result "1/2-1/2"]
[WhiteElo "2510"]
[BlackElo "2639"]
[EventDate "2010.03.06"]
[PlyCount "79"]

1.d4 d6 2.g3 g6 3.Bg2 Bg7 4.Nf3 Nd7 5.O-O e5 6.c4 Ne7 7.Nc3 O-O 8.e4 exd4 
9.Nxd4 Nc6 10.Nde2 a5 11.Be3 Nde5 12.b3 f5 13.exf5 Bxf5 14.Qd2 Qd7 15.Bh6 
Rae8 16.Bxg7 Qxg7 17.Nd5 Bg4 18.f4 Nxc4 19.bxc4 Rxe2 20.Qc3 Nd4 21.h3 Bf5 
22.Rad1 c5 23.Qxa5 Qd7 24.Rd2 Bxh3 25.Rxe2 Nxe2+ 26.Kh2 Qg4 27.Qe1 Bxg2 
28.Kxg2 Qe6 29.Qb1 b5 30.Re1 bxc4 31.Qd1 Rf5 32.Nb6 Qe4+ 33.Kf2 Rh5 34.
Rxe2 Rh2+ 35.Ke1 Rh1+ 36.Kf2 Rh2+ 37.Ke1 Rh1+ 38.Kf2 Rh2+ 39.Ke1 Rh1+ 40.
Kf2 1/2-1/2

[Event "11th EUR-ch"]
[Site "Rijeka CRO"]
[Date "2010.03.10"]
[Round "5"]
[White "Almasi, Zoltan"]
[Black "Nabaty, Tamir"]
[Result "1-0"]
[WhiteElo "2720"]
[BlackElo "2485"]
[EventDate "2010.03.06"]
[PlyCount "69"]

1.e4 e5 2.Nf3 Nc6 3.Bb5 Nf6 4.O-O Bc5 5.Nxe5 Nxe4 6.Qe2 Nxe5 7.d4 Qe7 8.
Qxe4 Nc6 9.Qxe7+ Bxe7 10.c3 a6 11.Ba4 d6 12.Re1 Be6 13.Nd2 Kd7 14.Nf1 d5 
15.Ng3 g6 16.Ne2 Rhe8 17.Nf4 Bd6 18.Nxe6 Rxe6 19.Be3 b5 20.Bb3 Ne7 21.a4 
Re8 22.axb5 axb5 23.Red1 c6 24.Bc2 Nc8 25.g3 Bb8 26.b3 Nd6 27.Bd3 Ne4 28.
Rdc1 Nf6 29.c4 bxc4 30.bxc4 dxc4 31.Bxc4 Nd5 32.Bxd5 cxd5 33.Ra5 Rd6 34.
Rb5 Ke6 35.Bf4 1-0

[Event "11th EUR-ch"]
[Site "Rijeka CRO"]
[Date "2010.03.10"]
[Round "5"]
[White "Lysyi, Igor"]
[Black "Movsesian, Sergei"]
[Result "1/2-1/2"]
[WhiteElo "2615"]
[BlackElo "2709"]
[EventDate "2010.03.06"]
[PlyCount "147"]

1.d4 Nf6 2.Nf3 d5 3.c4 e6 4.Nc3 dxc4 5.e4 Bb4 6.Bg5 h6 7.Bxf6 Qxf6 8.Bxc4 
c5 9.O-O cxd4 10.Nb5 Qe7 11.Qxd4 O-O 12.Nxa7 Bc5 13.Nxc8 Rxc8 14.Qd3 Nc6 
15.Qe2 Nd4 16.Nxd4 Bxd4 17.Bb3 Qf6 18.Rab1 Rc5 19.g3 Rd8 20.Kg2 Qe7 21.
Rbd1 Rcc8 22.f4 g6 23.Kh3 Bg7 24.Qf2 Rxd1 25.Rxd1 Rd8 26.Rxd8+ Qxd8 27.e5 
h5 28.Qe3 Bf8 29.Qe4 Qd7 30.Bc4 b5 31.Qd3 Qxd3 32.Bxd3 b4 33.Kg2 Bc5 34.
Kf3 Kf8 35.h3 Ke7 36.Ke4 Kd8 37.Bb5 Bf2 38.g4 hxg4 39.hxg4 Bc5 40.Kd3 Bf8 
41.Kc4 Be7 42.Bc6 Bf8 43.Kb5 Be7 44.Be4 Bf8 45.Bd3 Kc7 46.Bc4 Be7 47.f5 
gxf5 48.gxf5 exf5 49.Bxf7 f4 50.Bh5 Bf8 51.Kc4 Kc6 52.Bf3+ Kd7 53.Kd5 Ke7 
54.Bh5 Kd7 55.Bg4+ Kc7 56.Bf3 Kd7 57.Ke4 Bc5 58.Kxf4 Bd4 59.a4 Bxb2 60.Bd5
Kc7 61.Kf5 Bd4 62.e6 Kd6 63.Bb3 Bf2 64.Ke4 Bh4 65.Kd3 Kc5 66.Bd1 Kd5 67.
Bb3+ Kc5 68.Ke4 Be7 69.Kf5 Bh4 70.Kg6 Kd6 71.Kf7 Bg5 72.a5 Kc6 73.Bc4 b3 
74.Bxb3 1/2-1/2

[Event "11th EUR-ch"]
[Site "Rijeka CRO"]
[Date "2010.03.10"]
[Round "5"]
[White "Petrosian, Tigran L."]
[Black "Alekseev, Evgeny"]
[Result "1/2-1/2"]
[WhiteElo "2612"]
[BlackElo "2700"]
[EventDate "2010.03.06"]
[PlyCount "41"]

1.e4 e5 2.Nf3 Nc6 3.Bb5 Nf6 4.d3 Bc5 5.Bxc6 dxc6 6.Be3 Bd6 7.h3 c5 8.Nbd2 
Be6 9.Nc4 Nd7 10.Ng5 Bxc4 11.dxc4 Qe7 12.Qd3 f6 13.Nf3 Nf8 14.Qb3 O-O-O 
15.Qa4 a6 16.c3 Ne6 17.O-O-O g6 18.Qc2 c6 19.Rhe1 Bc7 20.Rxd8+ Rxd8 21.Rd1
1/2-1/2

[Event "11th EUR-ch"]
[Site "Rijeka CRO"]
[Date "2010.03.10"]
[Round "5"]
[White "Bologan, Viorel"]
[Black "Lenic, Luka"]
[Result "1/2-1/2"]
[WhiteElo "2684"]
[BlackElo "2603"]
[EventDate "2010.03.06"]
[PlyCount "129"]

1.e4 e5 2.Nf3 Nc6 3.Bb5 a6 4.Ba4 Nf6 5.O-O b5 6.Bb3 Bc5 7.c3 d6 8.a4 Rb8 
9.d4 Bb6 10.Qd3 Bd7 11.axb5 axb5 12.Bg5 h6 13.Bh4 Qe7 14.Na3 O-O 15.Bc2 
Rfe8 16.Nxb5 exd4 17.Nbxd4 Bxd4 18.Nxd4 Nxd4 19.Qxd4 Rxb2 20.Bd3 g5 21.Bg3
Nh5 22.Ra7 Nxg3 23.hxg3 Bc6 24.Re1 Rbb8 25.Ra5 Ra8 26.Rf5 Bd7 27.Rf6 Ra4 
28.c4 Qe5 29.Qxe5 dxe5 30.Rxh6 Kg7 31.Rh5 f6 32.f3 Rd8 33.Be2 Be6 34.f4 
Bf7 35.Rh3 Rd4 36.fxg5 fxg5 37.Bg4 Raxc4 38.Bf5 Bg6 39.Rf1 Rc2 40.g4 Rdd2 
41.Rg3 Bf7 42.Rb1 Kf6 43.Rb5 Bc4 44.Rc5 Bf7 45.Ra5 Rd1+ 46.Kh2 Rdd2 47.Bc8
Rd8 48.Rf3+ Kg7 49.Ba6 Ra8 50.Rfa3 Rc6 51.Bb7 Rxa5 52.Rxa5 Rb6 53.Ba8 Re6 
54.Rc5 Re7 55.Kg3 Kf6 56.Kf3 Be6 57.Bb7 Rf7 58.Kg3 Rd7 59.Ba6 Rd6 60.Bb7 
Rd7 61.Ba6 Rd6 62.Bb7 Rd7 63.Rc6 Rd6 64.Rxc7 Rd7 65.Rxd7 1/2-1/2

[Event "11th EUR-ch"]
[Site "Rijeka CRO"]
[Date "2010.03.10"]
[Round "5"]
[White "Safarli, Eltaj"]
[Black "Caruana, Fabiano"]
[Result "1/2-1/2"]
[WhiteElo "2606"]
[BlackElo "2680"]
[EventDate "2010.03.06"]
[PlyCount "60"]

1.e4 c5 2.Nf3 e6 3.Nc3 a6 4.d4 cxd4 5.Nxd4 d6 6.Bd3 Nd7 7.O-O Ngf6 8.Kh1 
b5 9.f4 Bb7 10.Qe2 Nc5 11.b4 Nxd3 12.cxd3 Be7 13.Be3 O-O 14.a4 Rc8 15.Rac1
bxa4 16.Nxa4 Nd7 17.Qg4 Kh8 18.Nb3 Bc6 19.Nc3 Rb8 20.Nd4 Ba8 21.b5 axb5 
22.Ndxb5 e5 23.Qe2 Nf6 24.Na3 Rb3 25.Qa2 Qb8 26.Nc4 d5 27.Nxe5 Rb2 28.Qa4 
Rb4 29.Qa2 Rb2 30.Qa4 Rb4 1/2-1/2

[Event "11th EUR-ch"]
[Site "Rijeka CRO"]
[Date "2010.03.10"]
[Round "5"]
[White "Sargissian, Gabriel"]
[Black "Berg, Emanuel"]
[Result "0-1"]
[WhiteElo "2675"]
[BlackElo "2594"]
[EventDate "2010.03.06"]
[PlyCount "80"]

1.d4 Nf6 2.c4 c5 3.d5 e6 4.Nc3 exd5 5.cxd5 d6 6.Nf3 g6 7.h3 Bg7 8.Bf4 O-O 
9.e3 Qe7 10.Be2 Nbd7 11.O-O Ne8 12.a4 Ne5 13.Nd2 f5 14.Bg3 g5 15.f4 Ng6 
16.Nc4 gxf4 17.exf4 Nf6 18.Bd3 Ne4 19.Bxe4 fxe4 20.Nb5 Nh4 21.Nbxd6 Bd4+ 
22.Kh2 Nf5 23.Nxf5 Bxf5 24.Bf2 Qf6 25.Qb3 Bg6 26.Bg1 Bf7 27.Ne3 b6 28.Ng4 
Qg7 29.f5 Rad8 30.f6 Qg6 31.Rf5 h5 32.Ne5 Qxf5 33.Qg3+ Bg6 34.Nxg6 Kf7 35.
Bxd4 Qxg6 36.Qc7+ Kg8 37.Ra3 Rxd5 38.h4 e3 39.Bxe3 Qxf6 40.Bf4 Rf7 0-1

[Event "11th EUR-ch"]
[Site "Rijeka CRO"]
[Date "2010.03.10"]
[Round "5"]
[White "Kozul, Zdenko"]
[Black "Kurnosov, Igor"]
[Result "0-1"]
[WhiteElo "2602"]
[BlackElo "2674"]
[EventDate "2010.03.06"]
[PlyCount "60"]

1.d4 Nf6 2.c4 g6 3.Nc3 d5 4.Nf3 Bg7 5.Qb3 dxc4 6.Qxc4 O-O 7.e4 a6 8.e5 b5 
9.Qb3 Nfd7 10.e6 fxe6 11.Be3 Nf6 12.a4 bxa4 13.Rxa4 Nc6 14.Bc4 Rb8 15.Qc2 
Nb4 16.Qe2 Nbd5 17.Bc1 Nxc3 18.bxc3 Nd5 19.Ra3 Nf4 20.Qa2 Nxg2+ 21.Kf1 
Rxf3 22.Kxg2 Bb7 23.Bxe6+ Kh8 24.d5 Rf6 25.f3 Rxe6 26.dxe6 Bxf3+ 27.Kxf3 
Qd3+ 28.Kg2 Qe4+ 29.Kg1 Rd8 30.Rxa6 Qf3 0-1

[Event "11th EUR-ch"]
[Site "Rijeka CRO"]
[Date "2010.03.10"]
[Round "5"]
[White "Areschenko, Alexander"]
[Black "Erdos, Viktor"]
[Result "1-0"]
[WhiteElo "2670"]
[BlackElo "2593"]
[EventDate "2010.03.06"]
[PlyCount "83"]

1.e4 e6 2.d4 d5 3.Nc3 dxe4 4.Nxe4 Nd7 5.Nf3 Ngf6 6.Bg5 h6 7.Nxf6+ Nxf6 8.
Bh4 c5 9.Bd3 cxd4 10.Nxd4 Bc5 11.Nf3 Qa5+ 12.c3 Be7 13.Qe2 O-O 14.Ne5 Rd8 
15.O-O Bd7 16.Rfe1 Be8 17.Rad1 Qc7 18.Bg3 Qb6 19.Nc4 Qc5 20.Be5 b5 21.b4 
Qc8 22.Na5 a6 23.a3 Ra7 24.c4 Rad7 25.c5 Rd5 26.h3 Nd7 27.Bg3 Nb8 28.Be4 
Rxd1 29.Rxd1 Rxd1+ 30.Qxd1 Nc6 31.Bxc6 Bxc6 32.Bd6 Bd8 33.Nxc6 Qxc6 34.Qf3
Qc8 35.c6 Bc7 36.Qg3 Bb6 37.Be5 g6 38.c7 Kf8 39.Qc3 f6 40.Qf3 Bxc7 41.
Qxf6+ Ke8 42.Qxg6+ 1-0

[Event "11th EUR-ch"]
[Site "Rijeka CRO"]
[Date "2010.03.10"]
[Round "5"]
[White "Bareev, Evgeny"]
[Black "Stocek, Jiri"]
[Result "1/2-1/2"]
[WhiteElo "2667"]
[BlackElo "2591"]
[EventDate "2010.03.06"]
[PlyCount "121"]

1.c4 Nf6 2.Nc3 e5 3.Nf3 Nc6 4.g3 Bc5 5.Bg2 d6 6.O-O O-O 7.e3 a6 8.a3 h6 9.
b4 Ba7 10.d3 Be6 11.Bb2 Qd7 12.Qc2 Ne7 13.Rfd1 Bh3 14.Bh1 Nf5 15.c5 Rfe8 
16.e4 Ne7 17.d4 exd4 18.Nxd4 Ng6 19.Nf5 Ne5 20.Nd5 Nxd5 21.Rxd5 Bxf5 22.
exf5 Qe7 23.Rxe5 dxe5 24.Bxb7 Rad8 25.Bxa6 Qg5 26.Re1 Qd2 27.Qc3 Rd4 28.
Bb5 Rb8 29.Rxe5 Qxc3 30.Bxc3 Rd1+ 31.Bf1 Rc1 32.Bd4 Rd8 33.Be3 Ra1 34.Kg2 
Rxa3 35.Re7 Bb8 36.f6 Ra4 37.b5 Kf8 38.c6 gxf6 39.Bc5 Kg7 40.Rd7 Rc8 41.
Be2 Re4 42.Bd3 Ra4 43.Be3 Rb4 44.Be2 Kg6 45.Bc5 Ra4 46.Rd5 Kg7 47.Bh5 Re4 
48.Bd4 Rce8 49.Rd7 Rxd4 50.Rxd4 Re5 51.g4 Kf8 52.f4 Re2+ 53.Kf1 Ba7 54.Ra4
Rf2+ 55.Ke1 Bb6 56.Ra8+ Ke7 57.f5 Rxh2 58.Rh8 Rb2 59.Rh7 Kd6 60.Rxf7 Ke5 
61.Re7+ 1/2-1/2

[Event "11th EUR-ch"]
[Site "Rijeka CRO"]
[Date "2010.03.10"]
[Round "5"]
[White "Alexandrov, Alexei"]
[Black "Grachev, Boris"]
[Result "1/2-1/2"]
[WhiteElo "2601"]
[BlackElo "2667"]
[EventDate "2010.03.06"]
[PlyCount "24"]

1.d4 d5 2.c4 c6 3.Nc3 Nf6 4.cxd5 cxd5 5.Bf4 Nc6 6.e3 Bf5 7.Nf3 e6 8.Bd3 
Bxd3 9.Qxd3 Bd6 10.Bxd6 Qxd6 11.O-O O-O 12.Rfc1 Rfc8 1/2-1/2

[Event "11th EUR-ch"]
[Site "Rijeka CRO"]
[Date "2010.03.10"]
[Round "5"]
[White "Korobov, Anton"]
[Black "Zhigalko, Andrei"]
[Result "1/2-1/2"]
[WhiteElo "2663"]
[BlackElo "2587"]
[EventDate "2010.03.06"]
[PlyCount "131"]

1.d4 Nf6 2.c4 e6 3.Nc3 Bb4 4.e3 O-O 5.Bd3 c5 6.Nf3 d5 7.O-O Nc6 8.a3 Ba5 
9.Na4 cxd4 10.exd4 dxc4 11.Bxc4 Qd6 12.h3 a6 13.Ba2 Bc7 14.Bg5 Ne7 15.Rc1 
Bd7 16.Nc5 Bc6 17.Re1 Ng6 18.Bxf6 gxf6 19.Ne4 Bxe4 20.Rxe4 Kh8 21.d5 Rad8 
22.Qc2 exd5 23.Rd4 Bb6 24.Rxd5 Qf4 25.Rf5 Qd6 26.Qb3 Nf4 27.Kf1 Rfe8 28.
Re1 Rxe1+ 29.Nxe1 Ne6 30.Rxf6 Qh2 31.Rxe6 fxe6 32.Qxb6 Rd2 33.f3 Qh1+ 34.
Qg1 Qxg1+ 35.Kxg1 e5 36.Be6 Rxb2 37.Nd3 Rb5 38.a4 Ra5 39.Bb3 Kg7 40.Kf2 
Kf6 41.Ke3 b5 42.axb5 Rxb5 43.Bc4 Ra5 44.Nb4 Ra4 45.Nd5+ Kg5 46.Bd3 Kh4 
47.Bxh7 Kg3 48.Be4 Ra3+ 49.Kd2 a5 50.Nc3 Rb3 51.Kd3 Rb2 52.Kc4 Rb4+ 53.Kd5
Rb3 54.Ne2+ Kxg2 55.h4 a4 56.Nc1 Rb5+ 57.Kc6 Rb8 58.Na2 Kg3 59.h5 Rh8 60.
Kb5 a3 61.Kb4 Rxh5 62.Nc1 Rh2 63.Kxa3 Rf2 64.Nd3 Rxf3 65.Bxf3 Kxf3 66.
Nxe5+ 1/2-1/2

[Event "11th EUR-ch"]
[Site "Rijeka CRO"]
[Date "2010.03.10"]
[Round "5"]
[White "Pantsulaia, Levan"]
[Black "Riazantsev, Alexander"]
[Result "0-1"]
[WhiteElo "2588"]
[BlackElo "2660"]
[EventDate "2010.03.06"]
[PlyCount "73"]

1.Nf3 d5 2.c4 e6 3.g3 dxc4 4.Na3 Bxa3 5.bxa3 b5 6.a4 a6 7.Bb2 Nf6 8.axb5 
axb5 9.a4 b4 10.Qc2 Ba6 11.Bg2 Nc6 12.O-O O-O 13.Rac1 Qd6 14.Bxf6 gxf6 15.
Qe4 Rad8 16.Qg4+ Kh8 17.Qh4 Qe7 18.Rfd1 Rd7 19.Rxc4 Bxc4 20.Qxc4 Na5 21.
Qa6 Qc5 22.d4 Qc2 23.Re1 Qxa4 24.Qd3 b3 25.Qd2 Qa3 26.Qc3 Rb8 27.d5 e5 28.
Bh3 Rxd5 29.Qxc7 Qf8 30.Bf5 b2 31.Kg2 Rc5 32.Qa7 Nc6 33.Qa4 Rb4 34.Qa6 Qd8
35.Bb1 Rc1 36.Qa2 Kg7 37.Bxh7 0-1

[Event "11th EUR-ch"]
[Site "Rijeka CRO"]
[Date "2010.03.10"]
[Round "5"]
[White "Berkes, Ferenc"]
[Black "Popov, Valery"]
[Result "1/2-1/2"]
[WhiteElo "2659"]
[BlackElo "2585"]
[EventDate "2010.03.06"]
[PlyCount "35"]

1.c4 e6 2.Nf3 d5 3.g3 dxc4 4.Qa4+ Nd7 5.Bg2 a6 6.Qxc4 b5 7.Qc2 Bb7 8.O-O 
Ngf6 9.Nc3 Be7 10.a4 c6 11.d3 O-O 12.Be3 Rc8 13.Rfc1 Ng4 14.Bd2 Qb6 15.Be1
h6 16.Ne4 f5 17.Ned2 c5 18.axb5 1/2-1/2

[Event "11th EUR-ch"]
[Site "Rijeka CRO"]
[Date "2010.03.10"]
[Round "5"]
[White "Khismatullin, Denis"]
[Black "Bosiocic, Marin"]
[Result "1-0"]
[WhiteElo "2657"]
[BlackElo "2577"]
[EventDate "2010.03.06"]
[PlyCount "59"]

1.c4 e5 2.Nc3 Nc6 3.g3 g6 4.Bg2 Bg7 5.e3 d6 6.Nge2 Nf6 7.d4 exd4 8.exd4 
O-O 9.O-O Bf5 10.h3 h5 11.Bg5 Qd7 12.Kh2 Rfe8 13.Qd2 Rab8 14.Rad1 Nb4 15.
a3 Na6 16.f3 Nh7 17.Bh4 c5 18.g4 cxd4 19.Nxd4 Be6 20.Nxe6 Qxe6 21.gxh5 
gxh5 22.f4 Qxc4 23.Bd5 Qc5 24.Rg1 Qe3 25.Qg2 Qxf4+ 26.Kh1 Qh6 27.Bxf7+ 
Kxf7 28.Rxd6 Nf6 29.Bxf6 Bxf6 30.Qd5+ 1-0

[Event "11th EUR-ch"]
[Site "Rijeka CRO"]
[Date "2010.03.10"]
[Round "5"]
[White "Akopian, Vladimir"]
[Black "Medvegy, Zoltan"]
[Result "1-0"]
[WhiteElo "2688"]
[BlackElo "2556"]
[EventDate "2010.03.06"]
[PlyCount "67"]

1.d4 Nf6 2.Nf3 e6 3.c4 b6 4.g3 Bb7 5.Bg2 Be7 6.O-O O-O 7.Re1 Qc8 8.Bg5 h6 
9.Bxf6 Bxf6 10.e4 d6 11.Nc3 c5 12.e5 dxe5 13.d5 exd5 14.cxd5 Nd7 15.Bh3 
Qc7 16.Nb5 Qd8 17.Nd6 Qc7 18.Nxb7 Qxb7 19.Nd2 g6 20.Ne4 Bg7 21.Nd6 Qc7 22.
Nb5 Qb7 23.d6 f5 24.Nc7 e4 25.Rxe4 Qxe4 26.Bg2 Qd4 27.Bxa8 Qxd1+ 28.Rxd1 
Bxb2 29.Bd5+ Kh8 30.Bc6 Rf7 31.Re1 Be5 32.Ne8 Bf6 33.Nxf6 Rxf6 34.Re8+ 1-0